Špecifiká automobilového priemyslu na Slovensku
Vývoj automobilového priemyslu na Slovensku. Výroba automobilov na Slovensku v rokoch 2000-2014. Vývoj zamestnanosti v automobilovom priemysle v období 1995-2013. Predpokladané investície v automobilovom priemysle. Investície Matador Automotive. Aktuálne problémy v odvetví.
Gespeichert in:
| 1. Verfasser: | |
|---|---|
| Format: | Buchkapitel |
| Sprache: | Slowakisch |
| Schlagworte: | |
| Tags: |
Keine Tags, Fügen Sie das erste Tag hinzu!
|
MARC
| LEADER | 00000nla a2200000 4500 | ||
|---|---|---|---|
| 001 | 0223578 | ||
| 005 | 20240523121830.3 | ||
| 041 | 0 | |a slo | |
| 044 | |a SK | ||
| 245 | 1 | 0 | |a Špecifiká automobilového priemyslu na Slovensku |c Stanislava Deáková |
| 520 | |a Vývoj automobilového priemyslu na Slovensku. Výroba automobilov na Slovensku v rokoch 2000-2014. Vývoj zamestnanosti v automobilovom priemysle v období 1995-2013. Predpokladané investície v automobilovom priemysle. Investície Matador Automotive. Aktuálne problémy v odvetví. | ||
| 610 | 2 | 0 | |a priemysel automobilový |
| 610 | 2 | 0 | |a automobily osobné |
| 610 | 2 | 0 | |a výroba |
| 610 | 2 | 0 | |a firmy |
| 610 | 2 | 0 | |a zamestnanosť |
| 610 | 2 | 0 | |a sily pracovné |
| 610 | 2 | 0 | |a kvalifikácia |
| 610 | 2 | 0 | |a stimuly |
| 610 | 2 | 0 | |a investície |
| 610 | 2 | 0 | |a Slovensko |
| 100 | 1 | |a Deáková, Stanislava, 1974- | |